000 00910nam a22002417a 4500
999 _c18094
_d18094
003 AR-CdUCM
008 190511b ||||| |||| 00| 0 spa d
040 _aMUNICIPALIDAD PROVINCIAL DEL CUSCO
_cBIBLIOTECA MUNICIPAL DEL CUSCO
082 _23ed.
_a954.2 /
_bB85
100 _aBrunton, Paul
_938474
245 _aUna hermita en los Himalayas :
_bEl diario de un solitario exiliado /
260 _aBuenos Aires,
_bKier,
_c1974.
300 _a253 páginas ;
_c20 cm.
440 _aColección horus
_938475
505 _aContenido : La filosofía de la amistad -- Proyectada expedición al Monte Kailas, en el Tibet -- Una meditación sobre el gobierno Británico en la India y la contienda política ...
650 _aHistoria
_9246
650 _aHimalayas
_938476
650 _aFilosofía
_9395
700 _aMorales Loza, Nestor
_916346
942 _2ddc
_cLIBROS
945 _arah
_d2019/05/11